Karma cola : (Record no. 8963)

MARC details
000 -LEADER
fixed length control field 00667cam a2200217 a 4500
001 - CONTROL NUMBER
control field 4890208
005 - DATE AND TIME OF LATEST TRANSACTION
control field 20220519113034.0
008 - FIXED-LENGTH DATA ELEMENTS--GENERAL INFORMATION
fixed length control field 931109r19941979nyu 000 0 eng
020 ## - INTERNATIONAL STANDARD BOOK NUMBER
International Standard Book Number 9780140236835
082 00 - DEWEY DECIMAL CLASSIFICATION NUMBER
Classification number 954.04 MEH
100 1# - MAIN ENTRY--PERSONAL NAME
Personal name Mehta, Gita.
245 10 - TITLE STATEMENT
Title Karma cola :
Remainder of title marketing the mystic East /
Statement of responsibility, etc. Gita Mehta.
250 ## - EDITION STATEMENT
Edition statement 1st Vintage International ed.
260 ## - PUBLICATION, DISTRIBUTION, ETC.
Place of publication, distribution, etc. New Delhi :
Name of publisher, distributor, etc. Penguin Group,
Date of publication, distribution, etc. 1979.
300 ## - PHYSICAL DESCRIPTION
Extent xii, 193 p. ;
Dimensions 21 cm.
500 ## - GENERAL NOTE
General note Originally published: New York : Simon and Schuster, 1979.
650 #0 - SUBJECT ADDED ENTRY--TOPICAL TERM
Topical term or geographic name entry element Visitors, Foreign
Geographic subdivision India.
Topical term or geographic name entry element Gurus
Geographic subdivision India.
651 #0 - SUBJECT ADDED ENTRY--GEOGRAPHIC NAME
Geographic name India
General subdivision Description and travel.
942 ## - ADDED ENTRY ELEMENTS (KOHA)
Source of classification or shelving scheme Dewey Decimal Classification
Koha item type Main
Holdings
Withdrawn status Lost status Source of classification or shelving scheme Damaged status Not for loan Collection code Home library Current library Shelving location Date acquired Serial Enumeration / chronology Total Checkouts Total Renewals Full call number Barcode Date last seen Date last checked out Price effective from Koha item type
    Dewey Decimal Classification     Main TEST RTC Library RTC Library Main opac 19/05/2022 16381 2 3 954.04 MEH 1979 30015320 09/10/2025 24/09/2025 19/05/2022 Main
Royal Thimphu College || All Right Reserved